| 000 | 00677nam a22002417a 4500 | ||
|---|---|---|---|
| 003 | UA-OsUOA | ||
| 001 | 771 | ||
| 007 | ta | ||
| 008 | 20050705b un ||||| |||| 00| 0 ukr d | ||
| 100 | _aСарторі Дж. | ||
| 090 |
_a324 _bС 20 |
||
| 942 | _cBK | ||
| 040 |
_aUA-OsUOA _bukr _cUA-OsUOA _dUA-OsUOA |
||
| 245 | _aПорівняльна конституційна інженерія. Дослідження структур, мотивів і результатів | ||
| 300 | _a224 с. | ||
| 955 | _a1 | ||
| 041 | _aukr | ||
| 080 | _a324 | ||
| 020 | _a966-505-047-8 | ||
| 260 |
_aК. _bАртЕк _c2001 |
||
| 650 | 7 |
_a32 Політика _2UDC |
|
| 999 |
_c286930 _d286930 |
||